000
00361nam a22001577a 4500
003
MPLRDC
005
20220104142538.0
008
210129b ||||| |||| 00| 0 eng d
082
_a
294.1 ZJF
100
_a
赵九峰编
245
_a
阳宅三要
_c
260
_a
_b
大南出版社
_c
300
_b
平
650
_a
堪舆--相宅
942
_c
BK
_o
294.1 ZJF
999
_c
31747
_d
31737